La gitanilla/ (Registro nro. 59261)

Detalles MARC
000 -CABECERA
Longitud fija campo de control 01253cam a2200397 i 4500
003 - • IDENTIFICADOR DELl NÚMERO DE CONTROL
Identificador del número de control CO-BoRNBP
005 - • FECHA Y HORA DE LA ÚLTIMA TRANSACCIÓN
Fecha y hora de la última transacción 20250926144029.0
007 - • CAMPO FIJO DE DESCRIPCIÓN FÍSICA
Campo fijo de descripción física ta
008 - • CÓDIGOS DE INFORMACIÓN DE LONGITUD FIJA
Códigos de información de longitud fija 881215s1987 sp spa
017 ## - NÚMERO DE COPYRIGHT O DE DEPÓSITO LEGAL
Número de copyright o de depósito legal M 3027-1987
Agencia que asigna el número Oficina Depósito Legal Madrid
020 ## - • NÚMERO INTERNACIONAL NORMALIZADO PARA LIBROS
Número Internacional Normalizado para Libros (ISBN) 8475670520
020 ## - • NÚMERO INTERNACIONAL NORMALIZADO PARA LIBROS
Número Internacional Normalizado para Libros (ISBN) 8470800698
040 ## - FUENTE DE LA CATALOGACIÓN
Centro catalogador de origen SpMaBN
Lengua de catalogación spa
Centro transcriptor SpMaBN
Normas de descripción rdc
080 ## - NÚMERO DE LA CLASIFICACIÓN DECIMAL UNIVERSAL
Número de la Clasificación Decimal Universal 860-32"15"
084 ## - • Clasificación Local Alfanúmerica PNLB
Número de clasificación N CER
100 1# - • PUNTO DE ACCESO PRINCIPAL-NOMBRE DE PERSONA
Nombre de persona Cervantes Saavedra, Miguel de
Fechas asociadas al nombre 1547-1616
240 13 - • TÍTULO UNIFORME
Título uniforme <a href="La gitanilla">La gitanilla</a>
245 13 - • TITULO PROPIAMENTE DICHO
Título La gitanilla/
Mención de responsabilidad, etc. Miguel de Cervantes Saavedra
250 ## - • MENCI&Oacute;N DE EDICI&Oacute;N
Mención de edición Primera edición
264 ## - PRODUCCI&Oacute;N, PUBLICACI&Oacute;N , DISTRIBUCI&Oacute;N, FABRICACI&Oacute;N Y COPYRIGHT
Fecha de de producción, publicación, distribución, fabricación o copyright 1980
300 ## - • DESCRIPCI&Oacute;N F&Iacute;SICA
Extensión 125 p.
Dimensiones 18 cm
336 ## - TIPO DE CONTENIDO
Fuente rdacontent
Término de tipo de contenido texto
Código de tipo de contenido txt
337 ## - TIPO DE MEDIO
Fuente rdamedia
Nombre del tipo de medio sin mediación
Código del tipo de medio n
338 ## - TIPO DE SOPORTE
Fuente rdacarrier
Nombre del tipo de soporte volumen
Código del tipo de soporte nc
490 1# - • MENCI&Oacute;N DE SERIE
Mención de serie Literatura universal
Designación de volumen o secuencia 52
504 ## - • NOTA DE BIBLIOGRAF&Iacute;A, ETC
Nota de bibliografía, etc. Bibliografía: p. 33-37
650 ## - • PUNTO DE ACCESO ADICIONAL DE MATERIA - T&Eacute;RMINO DE MATERIA
Fuente del encabezamiento o término LEMB
830 #0 - • PUNTO DE ACCESO ADICIONAL DE SERIE - T&Iacute;TULO UNIFORME
Título uniforme Literatura universal (Ediciones y Distribuciones Alba)
Designación de volumen o secuencia 52
901 ## - ELEMENTO A DATOS LOCALES, ADL (RLIN)
a AUTOR CERVANTES
942 ## - ENTRADA DE ELEMENTOS AGREGADOS (KOHA)
Fuente de clasificaión o esquema Dewey Decimal Classification
Koha [por defecto] tipo de item LIbro
956 ## - LOCALIZACI&Oacute;N Y ACCESO ELECTR&Oacute;NICO LOCAL (OCLC)
Nombre de la fuente 1 2
980 ## - EQUIVALENCIA O SECCI&Oacute;N-REFERENCIA-INFORME SERIES--NOMBRE &#47; T&Iacute;TULO DE PERSONA [LOCAL, CANADA]
Nombre personal M 3027-1987
-- SpMaBN
Numeración BNALCALA
Atributo cualificador AHM/72342
T&íacute;tulos u otras palabras asociadas a nombre SG_PETANTI
980 ## - EQUIVALENCIA O SECCI&Oacute;N-REFERENCIA-INFORME SERIES--NOMBRE &#47; T&Iacute;TULO DE PERSONA [LOCAL, CANADA]
Nombre personal M 3027-1987
-- 84-7567-052-0
-- SpMaBN
Numeración BNALCALA
Atributo cualificador DL/352264
T&íacute;tulos u otras palabras asociadas a nombre CONSERVACI
980 ## - EQUIVALENCIA O SECCI&Oacute;N-REFERENCIA-INFORME SERIES--NOMBRE &#47; T&Iacute;TULO DE PERSONA [LOCAL, CANADA]
Nombre personal M 3027-1987
-- 84-7567-052-0
-- SpMaBN
Numeración BNMADRID
Atributo cualificador VC/18003/8
T&íacute;tulos u otras palabras asociadas a nombre SG_RECOLET
Existencias
Perdido Fuente de clasificaci&oacute;n o esquema Estado Físico No para pr&eacute;stamo Forma de adquisición Localizaci&oacute;n permanente Localizaci&oacute;n actual Localización en estanterías Fecha adquisici&oacute;n Pr&eacute;stamos totales Signatura completa C&oacute;digo de barras Fecha &uacute;ltima consulta N&uacute;mero de copia Fecha del precio de reemplazo Tipo de item de Koha
  Clasificación Local Facetada     Literatura General Biblioteca Pública San Juanito - Ernesto Maria Peña Romero Biblioteca Pública San Juanito - Ernesto Maria Peña Romero Literatura 09/26/2025   N CER SJU02379 09/26/2025 Ej.1 09/26/2025 Libro Literatura









Instituto Departamental de Cultura del Meta - Red Departamental de Bibliotecas Públicas del Meta.